[Event "XIII Konik Morski Rewala - Open A"]
[Site "Rewal"]
[Date "2008.08.22"]
[Round "3"]
[White "Czerwonski, Aleksander"]
[Black "Sochacki, Christophe"]
[Result "1/2-1/2"]
[WhiteElo "2414"]
[BlackElo "2221"]
[PlyCount "54"]
[EventDate "2008.??.??"]

1. d4 Nf6 2. c4 c5 3. d5 b5 4. cxb5 a6 5. bxa6 g6 6. Nc3 Bxa6 7. e4 Bxf1 8.
Kxf1 d6 9. g3 Bg7 10. Nf3 O-O 11. Kg2 Nbd7 12. Re1 Qa5 13. Qe2 Rfb8 14. e5 dxe5
15. Nxe5 Nxe5 16. Qxe5 c4 17. Re2 Ng4 18. Qe4 Bxc3 19. Qxc4 Bf6 20. Qxg4 Qxd5+
21. Qf3 Qd1 22. h4 Rd8 23. Rd2 Qxf3+ 24. Kxf3 Rxd2 25. Bxd2 Bxb2 26. Re1 Bf6
27. Bb4 Rxa2 1/2-1/2

[Event "XIII Konik Morski Rewala - Open A"]
[Site "Rewal"]
[Date "2008.08.22"]
[Round "3"]
[White "Verdaguer Muntanya, Marc"]
[Black "Lahiri, Atanu"]
[Result "1/2-1/2"]
[WhiteElo "2142"]
[BlackElo "2338"]
[PlyCount "70"]
[EventDate "2008.??.??"]

1. d4 Nf6 2. Bf4 g6 3. Nf3 Bg7 4. e3 O-O 5. Be2 d6 6. h3 Nbd7 7. O-O Ne4 8.
Nbd2 Nxd2 9. Qxd2 e5 10. dxe5 dxe5 11. Bg5 f6 12. Bh4 Qe7 13. Bc4+ Kh8 14. c3
Nc5 15. Rad1 Bf5 16. Qe2 c6 17. b4 Ne4 18. Qb2 Nd6 19. Bb3 Be4 20. Qe2 Bxf3 21.
Qxf3 e4 22. Qg4 Nf5 23. Bg3 Nxg3 24. Qxg3 f5 25. Qd6 Qxd6 26. Rxd6 Bxc3 27. Rd7
Rab8 28. a3 Rfd8 29. Rfd1 Rxd7 30. Rxd7 a5 31. bxa5 Bxa5 32. g4 b5 33. gxf5
gxf5 34. Be6 Rf8 35. Rf7 Rxf7 1/2-1/2

[Event "XIII Konik Morski Rewala - Open A"]
[Site "Rewal"]
[Date "2008.08.22"]
[Round "3"]
[White "Siwiec, Arkadiusz"]
[Black "Michna, Christian"]
[Result "0-1"]
[WhiteElo "2096"]
[BlackElo "2304"]
[PlyCount "78"]
[EventDate "2008.??.??"]

1. e4 c5 2. Nf3 e6 3. d4 cxd4 4. Nxd4 Nf6 5. Nc3 Nc6 6. Ndb5 Bb4 7. a3 Bxc3+ 8.
Nxc3 d5 9. exd5 exd5 10. Bd3 O-O 11. O-O h6 12. Bf4 d4 13. Ne2 Qd5 14. Bg3 Re8
15. Nf4 Qg5 16. Re1 Bd7 17. Rxe8+ Rxe8 18. Be2 a5 19. Nd3 a4 20. Bf3 Qb5 21.
Qd2 Bf5 22. Nb4 Nxb4 23. axb4 Qc4 24. Rc1 Bxc2 25. h3 d3 26. Bf4 Ne4 27. Re1 f5
28. Bxe4 fxe4 29. f3 Qd4+ 30. Kh1 Qxb2 31. fxe4 a3 32. Bxh6 gxh6 33. e5 Rxe5
34. Rf1 Re6 35. Qf4 Qg7 36. Qc4 Qe7 37. Re1 d2 38. Rxe6 d1=Q+ 39. Kh2 Bb3 0-1

[Event "XIII Konik Morski Rewala - Open A"]
[Site "Rewal"]
[Date "2008.08.22"]
[Round "3"]
[White "Czartoryski, Pawel"]
[Black "Smirnov, Aleksander"]
[Result "0-1"]
[WhiteElo "2089"]
[BlackElo "2262"]
[PlyCount "94"]
[EventDate "2008.??.??"]

1. d4 d5 2. c4 dxc4 3. Nf3 Nf6 4. e3 Bg4 5. Bxc4 e6 6. h3 Bh5 7. O-O a6 8. Nc3
Nc6 9. Be2 Bd6 10. Nd2 Bxe2 11. Qxe2 O-O 12. Nde4 Be7 13. Nxf6+ Bxf6 14. Rd1
Qe7 15. Ne4 Bh4 16. g3 Bf6 17. Bd2 Rad8 18. Bc3 Bg5 19. h4 Bh6 20. Nc5 Rb8 21.
b4 Rfd8 22. a4 Qe8 23. b5 axb5 24. axb5 Ne7 25. Ra7 Nd5 26. Be1 Rd6 27. e4 Ne7
28. e5 Rd5 29. Bc3 Nc8 30. Ra3 g6 31. Rb3 Nb6 32. Ba5 Qd8 33. Bc3 Bg7 34. Ra1
Bxe5 35. Nxe6 fxe6 36. dxe5 Rd3 37. h5 Qd5 38. hxg6 hxg6 39. Qg4 Kg7 40. Qg5
Rf8 41. Bb4 Rd1+ 42. Rxd1 Qxd1+ 43. Kg2 Qd5+ 44. Kg1 Rf5 45. Qe3 Qd1+ 46. Be1
Nd5 47. Rd3 Nxe3 0-1

[Event "XIII Konik Morski Rewala - Open A"]
[Site "Rewal"]
[Date "2008.08.22"]
[Round "3"]
[White "Dragun, Kamil"]
[Black "Baumann, Dariusz"]
[Result "1/2-1/2"]
[WhiteElo "2240"]
[BlackElo "2069"]
[PlyCount "115"]
[EventDate "2008.??.??"]

1. e4 e6 2. d4 d5 3. Nc3 Bb4 4. e5 c5 5. a3 Bxc3+ 6. bxc3 Ne7 7. Qg4 O-O 8. Bd3
f5 9. exf6 Rxf6 10. Bg5 Rf7 11. Qh4 h6 12. Bxe7 Qxe7 13. Qxe7 Rxe7 14. Nf3 Nc6
15. Kd2 Bd7 16. Rae1 Be8 17. h3 g5 18. Re3 c4 19. Be2 Bg6 20. h4 gxh4 21. Nxh4
Bh7 22. Re1 Rf8 23. Bf3 Rf6 24. R1e2 Kf8 25. g3 Ke8 26. Ng2 Kd7 27. Bg4 Kd6 28.
f4 Be4 29. Bf3 Bxf3 30. Rxf3 b5 31. Ne3 h5 32. Rh2 Rh7 33. Rf1 Ne7 34. Rfh1 Nf5
35. Nxf5+ Rxf5 36. Ke3 Rg7 37. Kf3 Rf6 38. Rxh5 Rfg6 39. R1h3 Kc6 40. Rh6 Kb6
41. Rxg6 Rxg6 42. g4 Ka5 43. f5 exf5 44. gxf5 Rf6 45. Kf4 Ka4 46. Ke5 Rf8 47.
Rh7 Kxa3 48. Rxa7+ Kb2 49. Rb7 Kxc3 50. Rxb5 Re8+ 51. Kxd5 Rd8+ 52. Ke4 Rxd4+
53. Ke3 Rh4 54. f6 Kxc2 55. Rf5 Rh8 56. f7 Rf8 57. Kd4 c3 58. Rf3 1/2-1/2

[Event "XIII Konik Morski Rewala - Open A"]
[Site "Rewal"]
[Date "2008.08.22"]
[Round "3"]
[White "Sochacki, Wojtek"]
[Black "Baturo, Tomasz"]
[Result "1-0"]
[WhiteElo "2239"]
[BlackElo "2059"]
[PlyCount "101"]
[EventDate "2008.??.??"]

1. e4 c5 2. Nf3 Nc6 3. d4 cxd4 4. Nxd4 Nf6 5. Nc3 e5 6. Ndb5 d6 7. Be3 a6 8.
Na3 b5 9. Nd5 Nxd5 10. exd5 Ne7 11. c4 bxc4 12. Nxc4 Nf5 13. Bb6 Qg5 14. Ba5
Nd4 15. Rc1 Bg4 16. Qd2 Qxd2+ 17. Bxd2 Bf5 18. Rc3 Be7 19. f4 O-O 20. Bd3 e4
21. Bf1 Nb5 22. Rc1 Rac8 23. a4 Nd4 24. Rc3 Bg6 25. Ne3 Rb8 26. Rc4 Nf5 27.
Nxf5 Bxf5 28. Bc3 Rfc8 29. Rxc8+ Bxc8 30. Kd2 Bb7 31. Bc4 Rc8 32. Bb3 f5 33. g4
Rf8 34. g5 Re8 35. Bd4 Rc8 36. Ba2 a5 37. Rc1 Rxc1 38. Kxc1 h6 39. h4 hxg5 40.
hxg5 Kf7 41. Bb6 Kg6 42. Bc7 Kh5 43. Kd2 Kg4 44. Ke3 Ba6 45. Bb3 Bd3 46. Bd1+
Kg3 47. Bxa5 Bxg5 48. Be1+ Kg2 49. fxg5 Bc4 50. Bb4 Bxd5 51. Bxd6 1-0

[Event "XIII Konik Morski Rewala - Open A"]
[Site "Rewal"]
[Date "2008.08.22"]
[Round "3"]
[White "Szromba, Krzysztof"]
[Black "Knap, Jerzy"]
[Result "1-0"]
[WhiteElo "2186"]
[BlackElo "1974"]
[PlyCount "135"]
[EventDate "2008.??.??"]

1. d4 d5 2. c4 e6 3. Nc3 Nf6 4. Bg5 c6 5. e3 Nbd7 6. cxd5 exd5 7. Bd3 Be7 8.
Nf3 O-O 9. O-O Re8 10. Qc2 Nf8 11. Bxf6 Bxf6 12. b4 a6 13. a4 Be6 14. Rab1 Qd6
15. Rfc1 Rec8 16. Nd2 g6 17. Nb3 b6 18. a5 b5 19. Nc5 Qb8 20. Ne2 Be7 21. Nf4
Bxc5 22. Qxc5 Qa7 23. Qc2 Qe7 24. g3 Bd7 25. h4 Ne6 26. Ng2 Ng7 27. Ne1 Nf5 28.
Nf3 Nd6 29. Kg2 Nc4 30. Rb3 Re8 31. h5 Kg7 32. Rh1 Bg4 33. Rh4 Bxf3+ 34. Kxf3
g5 35. h6+ Kh8 36. Rh1 f6 37. Kg2 Rad8 38. Qe2 Rd6 39. Bf5 Rdd8 40. Qd3 Nd6 41.
Rc1 Nc4 42. Rbb1 Rd6 43. Re1 Qc7 44. Re2 Qf7 45. Rbe1 Rdd8 46. Kg1 Nd6 47. Rc1
Nc4 48. Qc2 Re7 49. Rce1 Rde8 50. Bd3 Qh5 51. e4 Qf7 52. f3 Qf8 53. Kg2 Qf7 54.
Qc3 Kg8 55. e5 f5 56. Rg1 Re6 57. Qc2 Rf8 58. Rh1 Kh8 59. Kg1 Kg8 60. Qc1 f4
61. Rg2 Kh8 62. gxf4 Qxf4 63. Qxf4 Rxf4 64. Rh5 g4 65. Rxg4 Rxf3 66. Bf5 Rxh6
67. Rxh6 Rxf5 68. Rxc6 1-0

[Event "XIII Konik Morski Rewala - Open A"]
[Site "Rewal"]
[Date "2008.08.22"]
[Round "3"]
[White "Szymanowska, Lena"]
[Black "Kues, Hendrik"]
[Result "0-1"]
[WhiteElo "1932"]
[BlackElo "2235"]
[PlyCount "125"]
[EventDate "2008.??.??"]

1. e4 c5 2. Nf3 g6 3. d3 Bg7 4. g3 Nc6 5. Bg2 e6 6. Nbd2 Nge7 7. O-O O-O 8. Nh4
d5 9. Re1 b6 10. Ndf3 dxe4 11. dxe4 Ba6 12. c3 Qxd1 13. Rxd1 Rad8 14. Be3 h6
15. Bf1 Bb7 16. Ng2 g5 17. h4 g4 18. Nh2 Ne5 19. Be2 Bxe4 20. Nxg4 Nxg4 21.
Bxg4 Nd5 22. f3 Bc2 23. Rdc1 Nxe3 24. Nxe3 Ba4 25. Nf1 f5 26. Bh3 Rd3 27. Kf2
Bc6 28. Ke2 Rfd8 29. Bg2 Bb5 30. c4 Bc6 31. Rab1 Be5 32. b3 f4 33. gxf4 Bxf4
34. Rd1 Rxd1 35. Rxd1 Rxd1 36. Kxd1 Kg7 37. Ke2 Kg6 38. Bh3 Kf6 39. Bg4 Ke5 40.
Ne3 Kd4 41. Ng2 e5 42. Nxf4 exf4 43. Kd2 Be8 44. Bf5 Bc6 45. Bg4 Ke5 46. Bh5
Bd7 47. Bg6 Bc6 48. Bh5 Kd4 49. Bg4 Be8 50. Bf5 Bc6 51. Bg4 a6 52. a4 b5 53.
cxb5 axb5 54. a5 c4 55. bxc4 Kxc4 56. Bc8 Bxf3 57. a6 Kc5 58. Bb7 Bc6 59. Ke2
Kb6 60. Bc8 b4 61. Kf2 b3 62. Be6 b2 63. a7 0-1

[Event "XIII Konik Morski Rewala - Open A"]
[Site "Rewal"]
[Date "2008.08.22"]
[Round "3"]
[White "Witek, Tomasz"]
[Black "Czachor, Grzegorz"]
[Result "1-0"]
[WhiteElo "2125"]
[BlackElo "2020"]
[PlyCount "92"]
[EventDate "2008.??.??"]

1. d4 Nf6 2. c4 e5 3. dxe5 Ng4 4. Bf4 g5 5. Bg3 Bg7 6. Nf3 Nc6 7. Nc3 Ngxe5 8.
Nxe5 Nxe5 9. e3 d6 10. c5 dxc5 11. Qxd8+ Kxd8 12. O-O-O+ Bd7 13. Ne4 Kc8 14.
Nxg5 f6 15. Ne4 Be6 16. Nxc5 Bg4 17. f3 Bf5 18. Bxe5 fxe5 19. g4 Bh6 20. gxf5
Bxe3+ 21. Kc2 Bxc5 22. f6 c6 23. Bh3+ Kc7 24. Rd7+ Kb6 25. Rhd1 a5 26. Rg7 Bd4
27. Bf5 Raf8 28. f7 c5 29. Be4 Kc7 30. Rd2 h5 31. Rdg2 Rh6 32. Bd5 e4 33. Rg8
Rxf7 34. Bxf7 exf3 35. R2g6 Rh7 36. Bc4 Re7 37. Re6 Rd7 38. Rge8 f2 39. R6e7
Kd6 40. Rxd7+ Kxd7 41. Rf8 Kc6 42. a4 Kd6 43. b3 Ke5 44. Kd3 h4 45. Ke2 Kd6 46.
Rxf2 Be5 1-0

[Event "XIII Konik Morski Rewala - Open A"]
[Site "Rewal"]
[Date "2008.08.22"]
[Round "3"]
[White "Andrzejewska, Anna"]
[Black "Nicolo, Filippo"]
[Result "1/2-1/2"]
[WhiteElo "1992"]
[BlackElo "2125"]
[PlyCount "74"]
[EventDate "2008.??.??"]

1. e4 e6 2. d4 d5 3. Nc3 Bb4 4. Nge2 Nc6 5. Be3 Nf6 6. e5 Ne4 7. a3 Nxc3 8.
Nxc3 Bxc3+ 9. bxc3 O-O 10. Bd3 f5 11. exf6 Qxf6 12. O-O Bd7 13. Qg4 h6 14. Rab1
b6 15. Qg3 e5 16. dxe5 Qxe5 17. Qg6 Rf6 18. Qg3 Qxg3 19. hxg3 Bf5 20. Rfe1 Raf8
21. Rb5 Be6 22. f3 a6 23. Rbb1 Bf5 24. Bf4 Bxd3 25. cxd3 Rc8 26. Kf2 Kf7 27. a4
Re6 28. Rxe6 Kxe6 29. g4 Kd7 30. Re1 Ne7 31. Be5 Rg8 32. Bxc7 Kxc7 33. Rxe7+
Kd6 34. Rb7 Kc6 35. Re7 Kd6 36. Rb7 Kc6 37. Re7 Kd6 1/2-1/2

[Event "XIII Konik Morski Rewala - Open A"]
[Site "Rewal"]
[Date "2008.08.22"]
[Round "3"]
[White "Kotermanska, Anna"]
[Black "Hermanowicz, Dominika"]
[Result "0-1"]
[WhiteElo "1967"]
[BlackElo "2118"]
[PlyCount "92"]
[EventDate "2008.??.??"]

1. e4 c5 2. Nf3 a6 3. d4 cxd4 4. Nxd4 Nf6 5. Nc3 e5 6. Nb3 Bb4 7. Bd3 d5 8.
exd5 Bxc3+ 9. bxc3 Qxd5 10. O-O O-O 11. Qe2 Re8 12. a4 Bg4 13. f3 Bh5 14. Bc4
Qc6 15. Bb5 Qxc3 16. Bxe8 Nxe8 17. Be3 Nd7 18. Rad1 Nef6 19. Qd2 Qc6 20. a5 Rc8
21. Rf2 Bg6 22. c4 Qa4 23. Nc1 Rxc4 24. Nd3 Qc6 25. Nb4 Qa4 26. Nd5 Nxd5 27.
Qxd5 Bf5 28. Rfd2 Qb4 29. Bb6 Rc6 30. Qa2 Qe7 31. Qb3 h6 32. Bf2 Nc5 33. Qd5
Kh7 34. g4 Bg6 35. h4 f6 36. Qa2 e4 37. h5 Bf7 38. Qb1 f5 39. Be3 fxg4 40. fxg4
Qe5 41. Kg2 Be6 42. Qb4 Bxg4 43. Rf1 Bf3+ 44. Kf2 Qh2+ 45. Ke1 Nd3+ 46. Rxd3
Qe2# 0-1

[Event "XIII Konik Morski Rewala - Open A"]
[Site "Rewal"]
[Date "2008.08.22"]
[Round "3"]
[White "Korosciel, Aneta"]
[Black "Nasuta, Grzegorz"]
[Result "0-1"]
[WhiteElo "2067"]
[BlackElo "1959"]
[PlyCount "96"]
[EventDate "2008.??.??"]

1. e4 c5 2. Nf3 e6 3. d3 Nc6 4. g3 g6 5. Bg5 Qc7 6. Bg2 Bg7 7. c3 e5 8. Nbd2 d6
9. O-O Nge7 10. Re1 O-O 11. Nf1 f6 12. Be3 f5 13. Qc1 Be6 14. Ng5 Bd7 15. f4
Rae8 16. Qc2 h6 17. Nh3 fxe4 18. dxe4 Nc8 19. Rad1 Kh7 20. Bc1 exf4 21. Nxf4
Ne5 22. Ne3 Qd8 23. Rf1 Bc6 24. Qb3 Bh8 25. Ne6 Rxf1+ 26. Rxf1 Qe7 27. Bh3 Bxe4
28. Ng4 Nf3+ 29. Rxf3 Bxf3 30. Nxh6 Bf6 31. Nf7 Bc6 32. Nfg5+ Bxg5 33. Bxg5 Qf7
34. Bf4 Kh8 35. Bh6 Nb6 36. Nf4 Qxb3 37. axb3 Kh7 38. Bg5 Re1+ 39. Kf2 Rb1 40.
Be6 Rxb2+ 41. Ke3 Kg7 42. h4 Bd7 43. Bxd7 Nxd7 44. Ne6+ Kg8 45. Nf4 Kf7 46. Nd5
Rxb3 47. Kd2 Rb2+ 48. Ke3 a5 0-1

[Event "XIII Konik Morski Rewala - Open A"]
[Site "Rewal"]
[Date "2008.08.22"]
[Round "3"]
[White "Zadlo, Tomasz"]
[Black "Puczylowski, Marcin"]
[Result "1-0"]
[WhiteElo "2041"]
[BlackElo "1958"]
[PlyCount "37"]
[EventDate "2008.??.??"]

1. e4 e6 2. d4 d5 3. Nc3 Bb4 4. Qd3 dxe4 5. Qxe4 Nf6 6. Qh4 Nc6 7. Nf3 Bd7 8.
Bd3 Nd5 9. Bg5 Nce7 10. Bd2 Bc6 11. O-O Nxc3 12. bxc3 Ba3 13. Ne5 Bd6 14. Nxc6
Nxc6 15. Qe4 Qd7 16. Rab1 O-O-O 17. Rxb7 Kxb7 18. Rb1+ Ka8 19. Bb5 1-0

[Event "XIII Konik Morski Rewala - Open A"]
[Site "Rewal"]
[Date "2008.08.22"]
[Round "3"]
[White "Zierke, Oliver"]
[Black "Demidowicz, Maria"]
[Result "0-1"]
[WhiteElo "2327"]
[BlackElo "2032"]
[PlyCount "144"]
[EventDate "2008.??.??"]

1. d4 Nf6 2. Nf3 g6 3. Bg5 Bg7 4. Nbd2 O-O 5. c3 d6 6. e4 c5 7. dxc5 dxc5 8.
Bc4 Nc6 9. O-O Qc7 10. Qc2 a6 11. a4 Na5 12. Be2 Be6 13. Rfc1 Rac8 14. Qb1 c4
15. h3 Bd7 16. Qa2 e5 17. Be3 h6 18. Qa3 Be6 19. Rd1 Rfd8 20. Qa2 Nd7 21. Nh2
f5 22. f3 f4 23. Bf2 Bf8 24. Nhf1 Bc5 25. Bxc5 Qxc5+ 26. Kh1 Qf2 27. Re1 Nf6
28. Qa3 Nh5 29. Qe7 Re8 30. Qd6 Rcd8 31. Qc7 Rxd2 32. Nxd2 Ng3+ 33. Kh2 Nxe2
34. Qxa5 Bxh3 35. Rxe2 Qxe2 36. Qd5+ Be6 37. Qd6 Qf2 38. Rd1 Qg3+ 39. Kh1 Qg5
40. Nf1 h5 41. Qb6 Qe7 42. Rd6 Kf7 43. a5 g5 44. Qb4 g4 45. fxg4 hxg4 46. Kg1
g3 47. Rb6 Qxb4 48. Rxb4 Rd8 49. Rxb7+ Ke8 50. Rb6 Bg4 51. Rg6 Be2 52. Re6+ Kf7
53. Rxe5 Rd1 54. Rf5+ Ke6 55. Rxf4 Ke5 56. Rf8 Bd3 57. Re8+ Kf4 58. Rf8+ Kxe4
59. Re8+ Kd5 60. Rd8+ Kc5 61. Rf8 Kb5 62. Rf3 Kxa5 63. Rxg3 Rxf1+ 64. Kh2 Ka4
65. Rg8 Rf6 66. Rb8 a5 67. g3 Rh6+ 68. Kg2 Rh5 69. Rf8 Be4+ 70. Kg1 Kb3 71.
Rb8+ Ka2 72. Kf2 Rg5 0-1

[Event "XIII Konik Morski Rewala - Open A"]
[Site "Rewal"]
[Date "2008.08.22"]
[Round "3"]
[White "Grochowalski, Pawel"]
[Black "Wnuk-lipinski, Pawel"]
[Result "1-0"]
[WhiteElo "2121"]
[BlackElo "1956"]
[PlyCount "77"]
[EventDate "2008.??.??"]

1. d4 Nf6 2. Nf3 d5 3. c4 e6 4. Nc3 Be7 5. Bg5 O-O 6. e3 Ne4 7. Bxe7 Qxe7 8.
Bd3 Nxc3 9. bxc3 Nd7 10. Qc2 h6 11. O-O b6 12. Rfd1 Ba6 13. cxd5 Bxd3 14. Qxd3
exd5 15. c4 Qe4 16. Qxe4 dxe4 17. Nd2 Rfe8 18. f3 Nf6 19. a4 c5 20. d5 Rab8 21.
Kf2 g5 22. Rdb1 g4 23. f4 Re7 24. Rb5 Nd7 25. Rh1 f5 26. h3 Nf6 27. hxg4 Nxg4+
28. Ke2 Kg7 29. Rhb1 Nf6 30. Rxc5 bxc5 31. Rxb8 Rc7 32. Nb3 Kg6 33. Na5 h5 34.
Nc6 Nd7 35. Ne5+ Nxe5 36. fxe5 Kf7 37. a5 Re7 38. e6+ Kf6 39. d6 1-0

[Event "XIII Konik Morski Rewala - Open A"]
[Site "Rewal"]
[Date "2008.08.23"]
[Round "4"]
[White "Cyborowski, Lukasz"]
[Black "Budrewicz, Krzysztof"]
[Result "1-0"]
[WhiteElo "2546"]
[BlackElo "2333"]
[PlyCount "0"]
[EventDate "2008.??.??"]

1. d4 g6 2. c4 Bg7 3. Nc3 Nf6 4. e4 d6 5. Bg5 h6 6. Bh4 O-O 7. f4 c5 8. d5 Qa5
9. Qd2 e6 10. Bd3 exd5 11. cxd5 Re8 12. Nge2 Nbd7 13. O-O a6 14. a4 c4 15. Bc2
Qc7 16. Bf2 Nc5 17. Ng3 Ng4 18. Bd4 Nd3 19. Nce2 Bxd4+ 20. Nxd4 Qb6 21. Qc3 Ne3
22. Bxd3 cxd3 23. Rf2 f5 24. a5 Qa7 25. Qxd3 Ng4 26. Re2 fxe4 27. Rxe4 Bf5 28.
Ngxf5 gxf5 29. Re6 Rxe6 30. dxe6 Re8 31. h3 Nf6 32. Kh2 Qc5 33. Nxf5 Rxe6 34.
Qg3+ Kf8 35. Qg7+ Ke8 36. Qg6+ 1-0

[Event "XIII Konik Morski Rewala - Open A"]
[Site "Rewal"]
[Date "2008.08.23"]
[Round "4"]
[White "Bronowicki, Mateusz"]
[Black "Wieczorek, Oskar"]
[Result "1-0"]
[WhiteElo "2326"]
[BlackElo "2232"]
[PlyCount "0"]
[EventDate "2008.??.??"]

1. d4 Nf6 2. c4 c5 3. Nf3 cxd4 4. Nxd4 e5 5. Nb5 d5 6. cxd5 Bc5 7. N5c3 O-O 8.
h3 Bf5 9. e3 Bg6 10. g4 Na6 11. Bg2 Rc8 12. a3 Bd6 13. e4 Nc5 14. f3 a5 15. Be3
Qb6 16. Na4 Qc7 17. Nbc3 Nxa4 18. Qxa4 Bc5 19. Bxc5 Qxc5 20. Qb5 Qxb5 21. Nxb5
Rc2 22. O-O Rxb2 23. a4 Rc8 24. Rfc1 Rcc2 25. Bf1 Nd7 26. Na3 Rxc1 27. Rxc1 f6
28. Rc8+ Kf7 29. Rc7 Ke7 30. Bb5 Be8 31. Nc4 Rb1+ 32. Kg2 b6 33. Nxb6 Kd6 34.
Rc6+ 1-0

[Event "XIII Konik Morski Rewala - Open A"]
[Site "Rewal"]
[Date "2008.08.23"]
[Round "4"]
[White "Chojnacki, Krzysztof"]
[Black "Rutkowski, Maciej"]
[Result "1-0"]
[WhiteElo "2416"]
[BlackElo "2380"]
[PlyCount "0"]
[EventDate "2008.??.??"]

1. e4 g6 2. d4 Bg7 3. Nf3 d6 4. Bd3 c6 5. O-O e5 6. dxe5 dxe5 7. Nbd2 Qc7 8.
Nc4 Ne7 9. a4 O-O 10. a5 Na6 11. Be3 c5 12. Qd2 Rd8 13. Qe2 Nb4 14. h3 Rb8 15.
Rfd1 b5 16. axb6 axb6 17. c3 Nxd3 18. Rxd3 Bb7 19. Rad1 Bxe4 20. Rxd8+ Rxd8 21.
Rxd8+ Qxd8 22. Ncxe5 Bb7 23. Bf4 Nd5 24. Bg3 Qe8 25. Qd3 h6 26. c4 Nb4 27. Qd6
Bxf3 28. Nxf3 Qc6 29. Qd8+ Kh7 30. b3 b5 31. Qe7 bxc4 32. Qxf7 Qd5 33. Qxd5
Nxd5 34. bxc4 Nb6 35. Bd6 Nxc4 36. Bxc5 Kg8 37. Kf1 Kf7 38. Bd4 Bxd4 39. Nxd4
Kf6 40. Ke2 Ke5 41. Nf3+ Kf4 42. g3+ Kf5 43. Kd3 Nb2+ 44. Ke3 Nd1+ 45. Ke2 Nc3+
46. Kd3 Nd1 47. Nh4+ Kf6 48. Ke2 Nc3+ 49. Kf3 Nb5 50. Ng2 Nd4+ 51. Ke4 Ne2 52.
h4 Nc3+ 53. Kd3 Nd1 54. f3 h5 55. Ne3 Nb2+ 56. Kc3 Na4+ 57. Kd4 Nb2 58. Ke4 Na4
59. Nd5+ Ke6 60. Nf4+ Kf6 61. Kd4 Nb2 62. Nd3 Na4 63. Nc5 Nb6 64. Ke4 Nc4 65.
Kf4 Nb2 66. Ne4+ Kg7 67. Ke5 Nd3+ 68. Ke6 Ne1 69. Ng5 Nd3 70. Ke7 Ne5 71. Ne6+
Kh6 72. f4 Ng4 73. Kf7 Ne3 74. Ng5 Nf5 75. Kg8 1-0

[Event "XIII Konik Morski Rewala - Open A"]
[Site "Rewal"]
[Date "2008.08.23"]
[Round "4"]
[White "Swicarz, Maciej"]
[Black "Koziak, Vitali"]
[Result "0-1"]
[WhiteElo "2284"]
[BlackElo "2489"]
[PlyCount "0"]
[EventDate "2008.??.??"]

1. e4 c5 2. Nc3 e6 3. Nge2 Nc6 4. g3 Nf6 5. Bg2 d5 6. exd5 exd5 7. d4 cxd4 8.
Nxd4 Bg4 9. f3 Nxd4 10. Qxd4 Be6 11. Bg5 Be7 12. O-O-O O-O 13. h4 Qa5 14. Bf1
Rfc8 15. Bd3 b5 16. Kb1 Bc5 17. Qf4 d4 18. Bxf6 dxc3 19. Bxc3 b4 20. Be5 Bxa2+
21. Kc1 Qb6 22. Rhe1 f6 23. Qe4 fxe5 24. Qxh7+ Kf8 25. b3 Qh6+ 26. Kb2 Bd4+ 27.
Kxa2 Rxc2+ 28. Kb1 Rb2+ 29. Ka1 Rxb3+ 30. Ka2 Ra3+ 31. Kb1 Ra1+ 32. Kc2 Rc8+
33. Kb3 Ra3+ 34. Kxb4 Qd6+ 35. Kb5 Qb6+ 0-1

[Event "XIII Konik Morski Rewala - Open A"]
[Site "Rewal"]
[Date "2008.08.23"]
[Round "4"]
[White "Orzech, Dominik"]
[Black "Michna, Christian"]
[Result "1-0"]
[WhiteElo "2472"]
[BlackElo "2304"]
[PlyCount "0"]
[EventDate "2008.??.??"]

1. d4 Nf6 2. Nf3 g6 3. c4 Bg7 4. g3 O-O 5. Bg2 d6 6. O-O Bg4 7. Nc3 Qc8 8. Re1
c5 9. d5 Na6 10. e4 Nc7 11. Bf4 Nd7 12. h3 Bxf3 13. Qxf3 a6 14. a4 b5 15. axb5
axb5 16. cxb5 c4 17. Qe2 Rxa1 18. Rxa1 Na8 19. h4 Qc7 20. Qe3 Nab6 21. Bh6 Bxh6
22. Qxh6 Qc5 23. Bf1 Ne5 24. Be2 f6 25. Kg2 Na8 26. Qd2 Nc7 27. Ra5 Rb8 28. Na4
c3 29. Qxc3 Qxc3 30. bxc3 Kf8 31. f4 Nf7 32. c4 Na8 33. Bg4 Nd8 34. Ra7 Nb7 35.
Be6 Nc5 36. Nxc5 dxc5 37. d6 exd6 38. Rxh7 1-0

[Event "XIII Konik Morski Rewala - Open A"]
[Site "Rewal"]
[Date "2008.08.23"]
[Round "4"]
[White "Nester, Ihor"]
[Black "Butkiewicz, Lukasz"]
[Result "0-1"]
[WhiteElo "2385"]
[BlackElo "2284"]
[PlyCount "70"]
[EventDate "2008.??.??"]

1. Nf3 Nf6 2. c4 g6 3. d4 c5 4. Nc3 Bg7 5. e4 cxd4 6. Nxd4 d6 7. Be2 Nc6 8. Nc2
O-O 9. O-O Be6 10. Bd2 Nd7 11. Rc1 Rc8 12. b3 Nc5 13. b4 Bxc3 14. Bxc3 Nxe4 15.
Ba1 Nf6 16. Qd2 d5 17. c5 a6 18. Rfd1 Qc7 19. Nd4 Nxd4 20. Qxd4 Rfd8 21. Rc3
Re8 22. Rf3 Bf5 23. Qh4 Qd7 24. Bd3 Bxd3 25. Rfxd3 Rc6 26. f4 Qf5 27. Qh6 Rd8
28. Be5 Nh5 29. h3 f6 30. g4 Qe4 31. gxh5 fxe5 32. fxe5 Qxb4 33. Rxd5 Rxd5 34.
Rxd5 Qe1+ 35. Kh2 Qf2+ 0-1

[Event "XIII Konik Morski Rewala - Open A"]
[Site "Rewal"]
[Date "2008.08.23"]
[Round "4"]
[White "Sochacki, Christophe"]
[Black "Sievers, Stefan"]
[Result "0-1"]
[WhiteElo "2221"]
[BlackElo "2363"]
[PlyCount "94"]
[EventDate "2008.??.??"]

1. e4 c5 2. Nf3 g6 3. d4 cxd4 4. Nxd4 Nf6 5. Nc3 d6 6. Be3 Nc6 7. g3 Bg7 8. Qd2
O-O 9. O-O-O d5 10. Kb1 Nxd4 11. e5 Nf5 12. exf6 Bxf6 13. Nxd5 Qxd5 14. Qxd5
Nxe3 15. Qd3 Nxd1 16. Qxd1 Be6 17. h4 Rfd8 18. Bd3 Rd6 19. g4 Rad8 20. Qe2 Rb6
21. b3 a5 22. Qd2 a4 23. Qa5 axb3 24. axb3 Rbd6 25. g5 Bg7 26. h5 Rd5 27. Qa3
Rxg5 28. Kc1 Bf6 29. f4 Rg3 30. Qa5 Rc8 31. Qb5 b6 32. hxg6 hxg6 33. f5 gxf5
34. Bxf5 Bc3 35. Be4 Bg7 36. Kb1 Rg4 37. Bf3 Rf4 38. Bb7 Rd8 39. Qxb6 Rfd4 40.
Bf3 Kf8 41. Rg1 Bf6 42. Qb5 Bd5 43. Be2 Ra8 44. c3 Rd2 45. Rd1 Be4+ 46. Kc1
Rc2+ 47. Kb1 Rxe2+ 0-1

[Event "XIII Konik Morski Rewala - Open A"]
[Site "Rewal"]
[Date "2008.08.23"]
[Round "4"]
[White "Nguyen, Piotr"]
[Black "Sochacki, Wojtek"]
[Result "1/2-1/2"]
[WhiteElo "2329"]
[BlackElo "2239"]
[PlyCount "105"]
[EventDate "2008.??.??"]

1. d4 e6 2. Nf3 Nf6 3. Bg5 c5 4. e3 Be7 5. Nbd2 O-O 6. c3 b6 7. Qc2 Ba6 8. Bxa6
Nxa6 9. O-O Qc8 10. Ne4 Nd5 11. Bxe7 Nxe7 12. Qe2 f5 13. Nd6 Qc6 14. Qxa6 Qxd6
15. dxc5 Qxc5 16. Qa4 Qc6 17. Qh4 Ng6 18. Qd4 d5 19. h4 Qd6 20. h5 Ne7 21. Qe5
Rfd8 22. Qxd6 Rxd6 23. Ne5 Nc6 24. Nxc6 Rxc6 25. Rad1 Rac8 26. Rd4 Rc4 27. Rfd1
Kf7 28. f3 Kf6 29. Kf2 Kg5 30. e4 dxe4 31. fxe4 Rxd4 32. Rxd4 Rc7 33. Kf3 Kxh5
34. Kf4 Rc5 35. Rd7 g5+ 36. Kf3 Ra5 37. a3 Kg6 38. Re7 g4+ 39. Kf4 e5+ 40. Rxe5
Rxe5 41. Kxe5 fxe4 42. Kxe4 Kg5 43. c4 h5 44. b4 h4 45. c5 bxc5 46. bxc5 h3 47.
gxh3 gxh3 48. Kf3 Kf5 49. Kg3 Ke5 50. Kxh3 Kd5 51. Kg3 Kxc5 52. Kf3 Kc4 53. Ke2
1/2-1/2

[Event "XIII Konik Morski Rewala - Open A"]
[Site "Rewal"]
[Date "2008.08.23"]
[Round "4"]
[White "Palosz, Andrzej"]
[Black "Wieczorek, Zbigniew"]
[Result "0-1"]
[WhiteElo "2148"]
[BlackElo "2317"]
[PlyCount "98"]
[EventDate "2008.??.??"]

1. e4 g6 2. d4 Bg7 3. Nc3 c6 4. Be3 d5 5. f3 dxe4 6. fxe4 Nf6 7. Be2 O-O 8. e5
Nd5 9. Nxd5 cxd5 10. Nf3 Qb6 11. Qc1 Nc6 12. O-O Bg4 13. c3 Rac8 14. Qd2 f6 15.
exf6 exf6 16. Bh6 Bxh6 17. Qxh6 Bf5 18. Nh4 Be4 19. Bg4 Rce8 20. Rf2 Ne7 21.
Bd7 Rd8 22. Ba4 g5 23. Nf3 Nf5 24. Qh3 Ng7 25. Re1 h5 26. Nd2 f5 27. Bb3 Kh7
28. Qg3 Qg6 29. Nf3 Ne6 30. Ne5 Qh6 31. Qe3 h4 32. Bc2 Nf4 33. Nd3 Bxd3 34.
Bxd3 Qg6 35. Qe7+ Kg8 36. Bb5 a6 37. Bd7 Qg7 38. Be6+ Kh8 39. Qxg7+ Kxg7 40.
Rff1 Rd6 41. Rxf4 gxf4 42. Re5 Re8 43. Bxf5 Rxe5 44. dxe5 Rb6 45. b3 Rc6 46.
Kf2 Rxc3 47. Ke2 Re3+ 48. Kf2 Rxe5 49. Bc8 Re7 0-1

[Event "XIII Konik Morski Rewala - Open A"]
[Site "Rewal"]
[Date "2008.08.23"]
[Round "4"]
[White "Krajewicz, Pawel"]
[Black "Meyer, Falko"]
[Result "0-1"]
[WhiteElo "1993"]
[BlackElo "2305"]
[PlyCount "77"]
[EventDate "2008.??.??"]

1. d4 Nf6 2. c4 c6 3. Nf3 d5 4. Nc3 a6 5. c5 Nbd7 6. Bf4 Nh5 7. e3 g6 8. Bd3
Bg7 9. O-O Nxf4 10. exf4 b6 11. cxb6 Qxb6 12. Na4 Qc7 13. Qc2 O-O 14. f5 Nb6
15. Nc5 Qf4 16. Rfe1 Ra7 17. fxg6 hxg6 18. Ne5 Rc7 19. Rad1 Qxd4 20. Bxg6 Qf4
21. Bh7+ Kh8 22. g3 Qh6 23. Bf5 e6 24. Rd4 Bxe5 25. Rh4 Qxh4 26. gxh4 Rg8+ 27.
Kh1 exf5 28. Rxe5 f6 29. Re1 Nc4 30. Qc1 Rh7 31. Rg1 Rxh4 32. Rxg8+ Kxg8 33. f4
Nd6 34. Qe1 Rh7 35. Qa5 Nb7 36. Qxa6 Kg7 37. Qxc6 Nxc5 38. Qxc5 Bb7 39. Qe7+
0-1